00796nam a2200181 a 450000100100000000500170001000800410002704000250006810000270009324501240012026000760024430000350032050400330035550500300038850000730041895201060049199900170059700004092220201002034459.0130911s1941 mx 000 0 spa d aDO-SdBNPbspacBNPHU1 aDecorme, Gerard96735113aLa obra de los jesuitas méxicanos durante la época colonial 1572-1767 :b(compendio histórico) /cGerard Decorme. aMéxico :bAntigua Librería Robredo de José Porrua e Hijos,c1941. a518 p. :bil., rets. ;c24 cm. aBibliografía : p. 499 -507 av. 1tFundaciones y obras aIncluye referencias bibliográficas y notas al pie de las páginas 0010507-18MOaGRbGRcOId2013-09-11iLF1l0o p40922-10r2020-06-25w2020-06-25y1ZNo se presta c40412d40412